000 00292nam a22001337a 4500
008 180924b xxu||||| |||| 00| 0 eng d
020 _a0471905410
041 _aeng
080 _a574
100 _a9
101 _aMJE
245 _aMechanics of Geomaterials
_cBazant, Z.P
942 _2udc
_cBK
999 _c48381
_d48381